Palm oil tocotrienols : aspects of their chemistry and biochemistry /
Saved in:
| Main Author: | |
|---|---|
| Format: | Thesis Book |
| Language: | English |
| Published: |
1995.
|
| Subjects: | |
| Online Access: | http://studentsrepo.um.edu.my/id/eprint/753 |
| Tags: |
Add Tag
No Tags, Be the first to tag this record!
|
| LEADER | 01024cam a2200277 a 4500 | ||
|---|---|---|---|
| 001 | u401992 | ||
| 003 | SIRSI | ||
| 008 | 930115s1995 my t 00 1 eng m | ||
| 035 | |a ACB-1195 | ||
| 040 | |a UMM | ||
| 090 | |a TP684 |b P3Hew | ||
| 091 | |a Microfiche 14937 | ||
| 100 | 1 | 0 | |a Hew, Nam Fong. |
| 245 | 1 | 0 | |a Palm oil tocotrienols : |b aspects of their chemistry and biochemistry / |c Hew Nam Fong. |
| 260 | |c 1995. | ||
| 300 | |a xviii, 248 leaves : |b ill. ; |c 30 cm. | ||
| 500 | |a Microfiche. Kuala Lumpur : University of Malaya Library, 2000. 3 fiches : negative ; 11 x 15 cm. | ||
| 502 | |a Thesis (Ph.D.) -- Fakulti Sains, Universiti Malaya, 1996. | ||
| 504 | |a Bibliography: leaves 222-247. | ||
| 650 | 0 | |a Palm oil |x Composition. | |
| 650 | 0 | |a Vitamin E |x Analysis. | |
| 710 | 2 | 0 | |a Universiti Malaya. |b Fakulti Sains. |
| 856 | 4 | 1 | |u http://studentsrepo.um.edu.my/id/eprint/753 |
| 948 | |a 04/09/1996 |b 19/07/2002 | ||
| 596 | |a 1 | ||
| 999 | |a TP684 P3HEW |w LC |c 1 |i A506440382 |d 21/10/2015 |e 21/10/2015 |l STACKS |m P01UTAMA |n 4 |r Y |s Y |t TESIS |u 2/11/1996 | ||
